| 000 | 00782nam a2200229 i 4500 | ||
|---|---|---|---|
| 001 | 67162 | ||
| 003 | ES-MaACL | ||
| 005 | 20250806062535.0 | ||
| 007 | t| | ||
| 008 | 040507s2001 sp ||||1| spa d | ||
| 080 | _a929 Arias Navarro, Carlos | ||
| 100 | 1 |
_aGamazo Rico, Rufo. _953750 |
|
| 245 | 1 | 3 |
_aEl alcalde Arias Navarro / _cpor Rufo Gamazo. |
| 260 |
_aMadrid : _bAyuntamiento : _bInstituto de Estudios Madrileños, _c2001. |
||
| 300 |
_a31 p. ; _c21 cm. |
||
| 490 | 1 |
_aCiclo de conferencias: Madrileños del siglo XX ; _v7 |
|
| 600 | 1 | 4 |
_aArias Navarro, Carlos. _922794 |
| 710 | 2 |
_aInstituto de Estudios Madrileños _94916 |
|
| 830 | 0 |
_aCiclo de conferencias: Madrileños del siglo XX ; _v7 _9183127 |
|
| 852 |
_aES-MaACL _j2174-F-19 _bR.133061 |
||
| 999 |
_c67162 _d67162 |
||